000 00417nam a2200145Ia 4500
008 150201s2008 xx 000 0 und d
082 _a615.8
_bP08M
100 _aMADHURI ,GB
245 _aText book of Physiotherapy for cardio-respiratory cardiac surgery and thoracic surgery conditions
250 _a1th
260 _bJAYPEE
_aNEW DELHI
_c2008
300 _a1-1-332
650 _aPHYSIOTHERAPY
942 _2ddc
_cBK
_04
999 _c1388
_d1388